000 00855nam a22002417a 4500
005 20240530110426.0
008 150205s2011 ua g 000 0 ara d
017 _a2010/13855
_bمصر . دار الكتب المصرية
020 _a9776223238
040 _aEG-CaGPL
041 0 _aara
082 0 4 _221
_a343.07891\
_bإ س
100 0 _aابراهيم سيد احمد
245 1 2 _aالسياحة الالكترونية /
_cابراهيم سيد احمد
260 _aالقاهرة :
_bالمركز القومى للاصدارات القانونية ،
_c2011
300 _a375 ص ؛
_c24 سم
650 0 4 _aالسياحة الالكترونية
650 0 4 _aالسياحة
_xاقتصاديات
650 0 4 _aالسياحة و الدولة
650 0 4 _aالرحلات
942 _2ddc
_cBK
999 _c60759
_d60759